A survey of school children in Bombay City, (Record no. 84850)
[ view plain ]
| 000 -LEADER | |
|---|---|
| fixed length control field | 00968cam a2200241 4500 |
| 001 - CONTROL NUMBER | |
| control field | sa 68012976 |
| 003 - CONTROL NUMBER IDENTIFIER | |
| control field | DLC |
| 005 - DATE AND TIME OF LATEST TRANSACTION | |
| control field | 20260227112617.0 |
| 008 - FIXED-LENGTH DATA ELEMENTS--GENERAL INFORMATION | |
| fixed length control field | 691112s1968 ii bs 000 0 eng |
| 010 ## - LIBRARY OF CONGRESS CONTROL NUMBER | |
| LC control number | sa 68012976 |
| 025 ## - OVERSEAS ACQUISITION NUMBER | |
| Overseas acquisition number | PL480:I-E-9966 |
| 040 ## - CATALOGING SOURCE | |
| Original cataloging agency | DLC |
| Transcribing agency | DLC |
| Modifying agency | DLC |
| 050 00 - LIBRARY OF CONGRESS CALL NUMBER | |
| Classification number | LB3425.B6 |
| Item number | S8 1968 |
| 082 00 - DEWEY DECIMAL CLASSIFICATION NUMBER | |
| Classification number | 371.7/1/0954792 |
| 245 02 - TITLE STATEMENT | |
| Title | A survey of school children in Bombay City, |
| Remainder of title | with special reference to their physical, physical efficiency, mental and nutritional status |
| Statement of responsibility, etc. | [by] K. V. Ramachandran [and others]. |
| 260 ## - PUBLICATION, DISTRIBUTION, ETC. | |
| Place of publication, distribution, etc. | Bombay, |
| -- | New York, |
| Name of publisher, distributor, etc. | Asia Pub. House |
| Date of publication, distribution, etc. | [1968] |
| 300 ## - PHYSICAL DESCRIPTION | |
| Extent | xxiii, 232 p. |
| Dimensions | 25 cm. |
| 490 1# - SERIES STATEMENT | |
| Series statement | Bombay. Demographic Training and Research Centre. Research monograph, |
| Volume/sequential designation | no. 4 |
| 504 ## - BIBLIOGRAPHY, ETC. NOTE | |
| Bibliography, etc. note | Includes bibliographies. |
| 650 #0 - SUBJECT ADDED ENTRY--TOPICAL TERM | |
| Topical term or geographic name entry element | School children |
| Geographic subdivision | India |
| -- | Mumbai |
| Form subdivision | Statistics. |
| 700 1# - ADDED ENTRY--PERSONAL NAME | |
| Personal name | Ramachandran, K. V., |
| Dates associated with a name | 1930- |
| 830 #0 - SERIES ADDED ENTRY--UNIFORM TITLE | |
| Uniform title | Research monograph (Demographic Training and Research Centre (Bombay, India)) ; |
| Volume/sequential designation | no. 4. |
No items available.